000 00206 a2200109 4500
020 _a9789507243714
041 _aspa
100 _aAnthony de Mello
245 _aRompe el idolo
942 _cBK
952 _71
999 _c23538
_d23538